| 000 | 00386nam a2200133Ia 4500 | ||
|---|---|---|---|
| 005 | 20251222144639.0 | ||
| 008 | 251222s9999||||xx |||||||||||||| ||spa|| | ||
| 020 | _a9972-42-626-2 | ||
| 082 | _a985.05/V19 | ||
| 100 | _aValdez Arroyo, Flor de María | ||
| 245 | 0 | _aLas Relaciones entre el Perú e Italia (1821-2002) | |
| 264 | _bPontificia Universidad Católica Del Perú | ||
| 942 | _cLIB | ||
| 999 |
_c16618 _d16618 |
||